000 00666nam a2200205Ii 4500
003 JO-AjNU
008 230605s9999||||xx |||||||||||||| ||und||
017 _a2013/4/1034
040 _aJO-AjNU
_bara
_erda
_cJO-AjNU
041 _aara
050 1 4 _aDC707.T34.2013
100 3 _aالطهطاوي، رفاعة رافع,
_eauthor
_947962
245 0 0 _aتخليص الإبريز في تلخيص باريز
264 3 1 _aعمان: وزارة الثقافة، 2013
300 _a326ص
336 _atext
_btxt
_2rdacontent
337 _aunmediated
_bn
_2rdamedia
338 _avolume
_bnc
_2rdacarrier
650 4 _aباريس (فرنسا) .. وصف ورحلات
_947963
999 _aA20973
_c24541
_d24541